000 01401nam a2200361 4500
001 174849
003 ES-MaACL
005 20251123063309.0
008 100608s2008 sp ao |||| |bspa d
017 _aM 56937-2008
_bOficina Depósito Legal Madrid
020 _a978-84-936415-2-8
040 _aES-MaACL
_bspa
_cES-MaACL
_erda
080 _a61 Ramón y Cajal, Santiago
080 _a929 Ramón y Cajal, Santiago
245 0 0 _aCajal y la modernidad :
_bcien años del Nobel de Don Santiago Ramón y Cajal /
_cAlejandro R. Díez Torre (ed.).
250 _aPrimera edición, diciembre 2008
264 1 _a[Madrid] :
_bAteneo Científico, Literario y Artístico,
_c[2008]
300 _a375 páginas :
_bilustraciones ;
_c24 cm.
336 _2rdacontent
_aTexto
337 _2rdamedia
_asin mediación
338 _2rdacarrier
_avolumen
490 0 _aPublicaciones del Ateneo de Madrid
504 _aIncluye referencias bibliográficas e índice
600 1 4 _aRamón y Cajal, Santiago,
_d1852-1934-
_vHomenajes
_995230
650 4 _aCiencia-
_zEspaña-
_yS.XX.
_910946
700 1 _aDíez Torre, Alejandro R.
_944776
_eedt
710 2 _aAteneo de Madrid.
_91875
852 4 _aES-MaACL
_jN-3674
_cHEM
_9181577
_xEncuadernación rústica
852 4 _aES-MaACL
_jDJ-59
_cDEPOJ
_9206871
_xEncuadernación rústica
942 _n0
_cMONOGRAFIA
999 _c174849
_d174849